Countries with Multiple Women's Grand Slam Tennis Winners - Statistics

General Stats
  • This quiz has been taken 39 times
  • The average score is 11 of 13
Answer Stats
Different Winners Country % Correct
15 United States
100%
6 Australia
97%
3 Russia
97%
3 Spain
97%
3 France
94%
2 Germany
94%
2 Italy
89%
4 United Kingdom
89%
4 Czech Republic
83%
2 Belgium
69%
2 Romania
63%
2 Belarus
51%
2 Yugoslavia
40%
No matching quizzes found
Score Distribution
Percent of People with Each Score
Percentile by Number Answered
Your Score History
You have not taken this quiz